<?xml version="1.0" encoding="UTF-8"?><?xml-stylesheet type="text/xsl" href="static/style.xsl"?><OAI-PMH xmlns="http://www.openarchives.org/OAI/2.0/" xmlns:xsi="http://www.w3.org/2001/XMLSchema-instance" xsi:schemaLocation="http://www.openarchives.org/OAI/2.0/ http://www.openarchives.org/OAI/2.0/OAI-PMH.xsd"><responseDate>2026-04-13T01:54:39Z</responseDate><request verb="GetRecord" identifier="oai:www.recercat.cat:11351/12506" metadataPrefix="marc">https://recercat.cat/oai/request</request><GetRecord><record><header><identifier>oai:recercat.cat:11351/12506</identifier><datestamp>2025-10-24T10:16:23Z</datestamp><setSpec>com_2072_378070</setSpec><setSpec>com_2072_378040</setSpec><setSpec>col_2072_378092</setSpec></header><metadata><record xmlns="http://www.loc.gov/MARC21/slim" xmlns:dcterms="http://purl.org/dc/terms/" xmlns:xsi="http://www.w3.org/2001/XMLSchema-instance" xmlns:doc="http://www.lyncode.com/xoai" xsi:schemaLocation="http://www.loc.gov/MARC21/slim http://www.loc.gov/standards/marcxml/schema/MARC21slim.xsd">
   <leader>00925njm 22002777a 4500</leader>
   <datafield ind2=" " ind1=" " tag="042">
      <subfield code="a">dc</subfield>
   </datafield>
   <datafield ind2=" " ind1=" " tag="720">
      <subfield code="a">Bouwes Bavinck,  Jan Nico</subfield>
      <subfield code="e">author</subfield>
   </datafield>
   <datafield ind2=" " ind1=" " tag="720">
      <subfield code="a">Genders, Roel</subfield>
      <subfield code="e">author</subfield>
   </datafield>
   <datafield ind2=" " ind1=" " tag="720">
      <subfield code="a">de Jong, Estella</subfield>
      <subfield code="e">author</subfield>
   </datafield>
   <datafield ind2=" " ind1=" " tag="720">
      <subfield code="a">Arron, Sarah</subfield>
      <subfield code="e">author</subfield>
   </datafield>
   <datafield ind2=" " ind1=" " tag="720">
      <subfield code="a">Gómez Tomás, Álvaro</subfield>
      <subfield code="e">author</subfield>
   </datafield>
   <datafield ind2=" " ind1=" " tag="720">
      <subfield code="a">González-Cruz, Carlos</subfield>
      <subfield code="e">author</subfield>
   </datafield>
   <datafield ind2=" " ind1=" " tag="720">
      <subfield code="a">Garcia-Patos Briones, Vicente</subfield>
      <subfield code="e">author</subfield>
   </datafield>
   <datafield ind2=" " ind1=" " tag="720">
      <subfield code="a">Ferrandiz-Pulido, Carla</subfield>
      <subfield code="e">author</subfield>
   </datafield>
   <datafield ind2=" " ind1=" " tag="260">
      <subfield code="c">2025-01-31T09:11:20Z</subfield>
   </datafield>
   <datafield ind2=" " ind1=" " tag="260">
      <subfield code="c">2025-01-31T09:11:20Z</subfield>
   </datafield>
   <datafield ind2=" " ind1=" " tag="260">
      <subfield code="c">2023-01</subfield>
   </datafield>
   <datafield ind2=" " ind1=" " tag="520">
      <subfield code="a">Risk assessment; Skin cancer; Organ transplant recipient</subfield>
   </datafield>
   <datafield ind2=" " ind1=" " tag="520">
      <subfield code="a">Avaluació del risc; Càncer de pell; Receptors de trasplantaments d'òrgans</subfield>
   </datafield>
   <datafield ind2=" " ind1=" " tag="520">
      <subfield code="a">Evaluación del riesgo; Cáncer de piel; Receptores de trasplantes de órganos</subfield>
   </datafield>
   <datafield ind2=" " ind1=" " tag="520">
      <subfield code="a">Importance: The Skin and UV Neoplasia Transplant Risk Assessment Calculator (SUNTRAC) tool has been developed in the US to facilitate the identification of solid organ transplant recipients (SOTRs) at a higher risk of developing skin cancer. However, it has not yet been validated in populations other than the one used for its creation.&#xd;
Objective: To provide an external validation of the SUNTRAC tool in different SOTR populations.&#xd;
Design, setting, and participants: This retrospective external validation prognostic study used data from a prospectively collected cohort of European SOTRs from transplant centers at teaching hospitals in the Netherlands (1995-2016) and Spain (2011-2021). Participants were screened and followed up at dermatology departments. Data were analyzed from September to October 2021.&#xd;
Main outcomes and measures: The discrimination ability of the SUNTRAC tool was assessed via a competing risk survival analysis, cumulative incidence plots, and Wolbers concordance index. Calibration of the SUNTRAC tool was assessed through comparison of projected skin cancer incidences. Skin cancer diagnoses included squamous cell carcinoma, basal cell carcinoma, melanoma, and Merkel cell carcinoma.&#xd;
Results: A total of 3421 SOTRs (median age at transplant, 53 [quartile 1: 42; quartile 3: 62] years; 2132 [62.3%] men) were assessed, including 72 Asian patients (2.1%), 137 Black patients (4.0%), 275 Latinx patients (8.0%), 109 Middle Eastern and North African patients (3.2%), and 2828 White patients (82.7%). With a total of 23 213 years of follow-up time, 603 patients developed skin cancer. The SUNTRAC tool classified patients into 4 groups with significantly different risks of developing skin cancer during follow-up. Overall, the relative rate for developing skin cancer estimated using subdistribution hazard ratios (SHRs) and using the low-risk group as the reference group, increased according to the proposed risk group (medium-risk group: SHR, 6.8 [95% CI, 3.8-12.1]; P &lt; .001; high-risk group: SHR, 15.9 [95% CI, 8.9-28.4]; P &lt; .001; very-high-risk group: SHR, 54.8 [95% CI, 29.1-102.9]; P &lt; .001), with a concordance index of 0.72. Actual skin cancer incidences were similar to those predicted by the SUNTRAC tool (5-year skin cancer cumulative incidence for medium-risk group: predicted, 6.2%; observed, 7.0%).&#xd;
Conclusions and relevance: The findings of this external validation prognostic study support the use of the SUNTRAC tool in European populations for stratifying SOTRs based on their skin cancer risk and also detecting patients at a high risk of developing skin cancer. This can be helpful in prioritizing and providing better screening and surveillance for these patients.</subfield>
   </datafield>
   <datafield ind1="8" ind2=" " tag="024">
      <subfield code="a">http://hdl.handle.net/11351/12506</subfield>
   </datafield>
   <datafield tag="653" ind2=" " ind1=" ">
      <subfield code="a">Pell - Càncer - Factors de risc</subfield>
   </datafield>
   <datafield tag="653" ind2=" " ind1=" ">
      <subfield code="a">Trasplantació d'òrgans, teixits, etc.</subfield>
   </datafield>
   <datafield tag="653" ind2=" " ind1=" ">
      <subfield code="a">Pell - Càncer - Diagnòstic</subfield>
   </datafield>
   <datafield tag="653" ind2=" " ind1=" ">
      <subfield code="a">NAMED GROUPS::Persons::Transplant Recipients</subfield>
   </datafield>
   <datafield tag="653" ind2=" " ind1=" ">
      <subfield code="a">ANALYTICAL, DIAGNOSTIC AND THERAPEUTIC TECHNIQUES, AND EQUIPMENT::Investigative Techniques::Epidemiologic Methods::Statistics as Topic::Probability::Risk::Risk Assessment</subfield>
   </datafield>
   <datafield tag="653" ind2=" " ind1=" ">
      <subfield code="a">ANALYTICAL, DIAGNOSTIC AND THERAPEUTIC TECHNIQUES, AND EQUIPMENT::Surgical Procedures, Operative::Transplantation::Organ Transplantation</subfield>
   </datafield>
   <datafield tag="653" ind2=" " ind1=" ">
      <subfield code="a">Other subheadings::Other subheadings::Other subheadings::/adverse effects</subfield>
   </datafield>
   <datafield tag="653" ind2=" " ind1=" ">
      <subfield code="a">DISEASES::Neoplasms::Neoplasms by Site::Skin Neoplasms</subfield>
   </datafield>
   <datafield tag="653" ind2=" " ind1=" ">
      <subfield code="a">Other subheadings::Other subheadings::/diagnosis</subfield>
   </datafield>
   <datafield tag="653" ind2=" " ind1=" ">
      <subfield code="a">DENOMINACIONES DE GRUPOS::personas::receptores de trasplantes</subfield>
   </datafield>
   <datafield tag="653" ind2=" " ind1=" ">
      <subfield code="a">TÉCNICAS Y EQUIPOS ANALÍTICOS, DIAGNÓSTICOS Y TERAPÉUTICOS::técnicas de investigación::métodos epidemiológicos::estadística como asunto::probabilidad::riesgo::evaluación de riesgos</subfield>
   </datafield>
   <datafield tag="653" ind2=" " ind1=" ">
      <subfield code="a">TÉCNICAS Y EQUIPOS ANALÍTICOS, DIAGNÓSTICOS Y TERAPÉUTICOS::intervenciones quirúrgicas::trasplante::trasplante de órganos</subfield>
   </datafield>
   <datafield tag="653" ind2=" " ind1=" ">
      <subfield code="a">Otros calificadores::Otros calificadores::Otros calificadores::/efectos adversos</subfield>
   </datafield>
   <datafield tag="653" ind2=" " ind1=" ">
      <subfield code="a">ENFERMEDADES::neoplasias::neoplasias por localización::neoplasias cutáneas</subfield>
   </datafield>
   <datafield tag="653" ind2=" " ind1=" ">
      <subfield code="a">Otros calificadores::Otros calificadores::/diagnóstico</subfield>
   </datafield>
   <datafield ind2="0" ind1="0" tag="245">
      <subfield code="a">External Validation of the Skin and UV Neoplasia Transplant Risk Assessment Calculator (SUNTRAC) in a Large European Solid Organ Transplant Recipient Cohort</subfield>
   </datafield>
</record></metadata></record></GetRecord></OAI-PMH>